Biggest Cities in the World - 2075 - Statistics

General Stats
  • This quiz has been taken 84 times
  • The average score is 28 of 40
Answer Stats
Continent Population City % Correct
Asia 28.9 million Tokyo
97%
Africa 57.1 million Lagos
92%
North America 27.9 million New York City
92%
Asia 15.7 million Beijing
91%
Asia 49.3 million Delhi
91%
North America 18.5 million Los Angeles
91%
Africa 32.9 million Cairo
89%
Asia 57.8 million Mumbai
88%
North America 24.1 million Mexico City
86%
South America 16.5 million Rio de Janeiro
85%
Asia 21.0 million Shanghai
85%
Africa 58.4 million Kinshasa
83%
Asia 45.0 million Kolkata
83%
South America 21.2 million Sao Paulo
83%
South America 16.4 million Buenos Aires
80%
Asia 17.5 million Jakarta
80%
Asia 43.3 million Karachi
79%
Africa 28.4 million Nairobi
79%
Asia 32.7 million Manila
76%
Africa 23.7 million Addis Ababa
73%
Asia 46.2 million Dhaka
73%
Asia 23.8 million Lahore
73%
Asia 22.2 million Chennai
71%
Africa 19.6 million Luanda
71%
Asia 21.3 million Bangalore
67%
Africa 37.4 million Dar Es Salaam
67%
Asia 19.9 million Hyderabad
62%
Africa 30.6 million Khartoum
62%
Africa 17.6 million Kano
59%
Asia 24.3 million Baghdad
58%
Africa 20.2 million Kampala
58%
Africa 15.5 million Abidjan
56%
Asia 16.9 million Ahmedabad
56%
Africa 15.9 million Mogadishu
56%
Asia 32.6 million Kabul
53%
Africa 20.3 million Niamey
44%
Asia 16.0 million Chittagong
41%
Africa 15.2 million Lilongwe
35%
Asia 16.9 million Sana'a
23%
Africa 15.0 million Blantyre City
21%
No matching quizzes found
Score Distribution
Percent of People with Each Score
Percentile by Number Answered
Your Score History
You have not taken this quiz